Śrījñāneśvarī. (Record no. 73243)

MARC details
000 -LEADER
fixed length control field 00683cam a22002531 4500
001 - CONTROL NUMBER
control field sa 67002396
003 - CONTROL NUMBER IDENTIFIER
control field DLC
005 - DATE AND TIME OF LATEST TRANSACTION
control field 20260227112330.0
008 - FIXED-LENGTH DATA ELEMENTS--GENERAL INFORMATION
fixed length control field 890725m19589999ii 000 0 maro
010 ## - LIBRARY OF CONGRESS CONTROL NUMBER
LC control number sa 67002396
035 ## - SYSTEM CONTROL NUMBER
System control number (OCoLC)20065196
040 ## - CATALOGING SOURCE
Original cataloging agency DLC
Transcribing agency WaU
Modifying agency DLC
042 ## - AUTHENTICATION CODE
Authentication code premarc
050 00 - LIBRARY OF CONGRESS CALL NUMBER
Classification number BL1130
Item number .J53
100 0# - MAIN ENTRY--PERSONAL NAME
Personal name Jñānadeva,
Dates associated with a name active 1290.
245 10 - TITLE STATEMENT
Title Śrījñāneśvarī.
260 ## - PUBLICATION, DISTRIBUTION, ETC.
Date of publication, distribution, etc. 1958- [v. 1, 1960]
300 ## - PHYSICAL DESCRIPTION
Extent v. in
Dimensions 20 cm.
500 ## - GENERAL NOTE
General note In Marathi.
700 1# - ADDED ENTRY--PERSONAL NAME
Personal name Karve, Laxman Vishwanath,
Dates associated with a name 1902-
700 1# - ADDED ENTRY--PERSONAL NAME
Personal name Risbud, Gangadhar Purushottam,
Dates associated with a name 1910-
700 1# - ADDED ENTRY--PERSONAL NAME
Personal name Risabūḍa, Gopāḷa Purushottama.
730 0# - ADDED ENTRY--UNIFORM TITLE
Uniform title Bhagavadgītā.

No items available.

Powered by Koha